[Event "77. Alemania ch 2006"]
[Site "Osterburg GER"]
[Date "2006.02.05"]
[Round "3.15"]
[White "Muranyi, Karl-Jasmin"]
[Black "Rother, Christoph"]
[Result "1-0"]
[WhiteElo "2359"]
[BlackElo "2293"]
[PlyCount "111"]
[EventDate "2006.02.04"]
[EventType "swiss"]
[EventRounds "9"]
[EventCountry "GER"]
[Source "lmi"]
[SourceDate "2006.02.11"]

1. d4 d6 2. c3 Nf6 3. Bf4 Nbd7 4. Nf3 g6 5. Nbd2 Bg7 6. h3 c5 7. e4 O-O 8. d5
a6 9. a4 b6 10. Qc2 Qc7 11. Bc4 Rb8 12. O-O Ne5 13. Nxe5 dxe5 14. Bh2 Nh5 15.
Rfe1 b5 16. axb5 axb5 17. Bf1 c4 18. b3 cxb3 19. Qxb3 Nf4 20. c4 bxc4 21. Qxc4
Qd6 22. Qc6 Rb6 23. Qxd6 Rxd6 24. Nc4 Rdd8 25. Ra7 Rd7 26. Rxd7 Bxd7 27. Nb6
Rd8 28. Rc1 Be8 29. Rc7 Kf8 30. g3 Nh5 31. Kg2 Nf6 32. f3 Rb8 33. Bg1 Rd8 34.
Bc5 Nd7 35. Ba3 Bf6 36. Nc8 h5 37. h4 g5 38. Kh3 gxh4 39. gxh4 Nb8 40. Nxe7 Kg7
41. Kg3 Bd7 42. Bh3 Ba4 43. Ra7 Bd7 44. Bxd7 Bxe7 45. Bb5 Bxa3 46. Rxa3 Nd7 47.
Bxd7 Rxd7 48. f4 exf4+ 49. Kxf4 f6 50. Kf5 Re7 51. d6 Re5+ 52. Kf4 Kf7 53. Ra7+
Ke6 54. Re7+ Kxd6 55. Rxe5 fxe5+ 56. Kf5 1-0

[Event "77. Alemania ch 2006"]
[Site "Osterburg GER"]
[Date "2006.02.05"]
[Round "3.17"]
[White "Knuth, Hannes"]
[Black "Kaeser, Udo"]
[Result "1-0"]
[WhiteElo "2283"]
[BlackElo "2343"]
[PlyCount "51"]
[EventDate "2006.02.04"]
[EventType "swiss"]
[EventRounds "9"]
[EventCountry "GER"]
[Source "lmi"]
[SourceDate "2006.02.11"]

1. d4 e6 2. c4 d5 3. Nc3 c6 4. e4 Bb4 5. a3 Bxc3+ 6. bxc3 dxe4 7. Qg4 Nf6 8.
Qxg7 Rg8 9. Qh6 c5 10. Ne2 Nbd7 11. Ng3 b6 12. Be2 Bb7 13. O-O Qe7 14. a4 O-O-O
15. a5 Ng4 16. Qh5 f5 17. axb6 axb6 18. d5 Ndf6 19. Qh3 h5 20. f3 h4 21. Nxe4
Nxe4 22. fxe4 Nf6 23. Rb1 Nxe4 24. Rxb6 Nd6 25. Bf4 exd5 26. Bf3 1-0

[Event "77. Alemania ch 2006"]
[Site "Osterburg GER"]
[Date "2006.02.05"]
[Round "3.18"]
[White "Schoene, Ralf"]
[Black "Schuster, Martin"]
[Result "1-0"]
[WhiteElo "2339"]
[BlackElo "2222"]
[PlyCount "83"]
[EventDate "2006.02.04"]
[EventType "swiss"]
[EventRounds "9"]
[EventCountry "GER"]
[Source "lmi"]
[SourceDate "2006.02.11"]

1. d4 Nf6 2. c4 e6 3. Nc3 Bb4 4. e3 b6 5. Bd3 Bb7 6. Nf3 Ne4 7. Qc2 f5 8. O-O
Bxc3 9. bxc3 O-O 10. Ne1 c5 11. f3 Nd6 12. Ba3 Na6 13. Qf2 Qe7 14. Qg3 Rae8 15.
Nc2 e5 16. dxe5 Qxe5 17. Qxe5 Rxe5 18. Rad1 Bc6 19. Rf2 Nb7 20. Bf1 Re6 21. Bc1
Nc7 22. Na3 Ba4 23. Re1 Nd6 24. h3 h5 25. Rb2 Rd8 26. Bd3 g6 27. Kh2 Kg7 28.
Bf1 Nf7 29. Nb5 Nxb5 30. cxb5 d5 31. c4 dxc4 32. Bxc4 Ree8 33. e4 Ne5 34. Bf1
fxe4 35. fxe4 Nd3 36. Bxd3 Rxd3 37. Rf2 c4 38. e5 Bxb5 39. e6 Re7 40. Bg5 Rb7
41. e7 Be8 42. Rf8 1-0

[Event "77. Alemania ch 2006"]
[Site "Osterburg GER"]
[Date "2006.02.05"]
[Round "3.19"]
[White "Zuse, Klaus-Peter"]
[Black "Namyslo, Holger"]
[Result "1/2-1/2"]
[WhiteElo "2333"]
[BlackElo "2279"]
[PlyCount "98"]
[EventDate "2006.02.04"]
[EventType "swiss"]
[EventRounds "9"]
[EventCountry "GER"]
[Source "lmi"]
[SourceDate "2006.02.11"]

1. c4 e6 2. b3 d5 3. Bb2 Nf6 4. e3 c5 5. Nf3 Nc6 6. d4 cxd4 7. exd4 Bb4+ 8.
Nbd2 Ne4 9. a3 Nxd2 10. Nxd2 Be7 11. c5 Bf6 12. Nf3 O-O 13. Be2 b6 14. Rc1 bxc5
15. Rxc5 Bd7 16. O-O Be7 17. Rc3 Bd6 18. b4 Rc8 19. Qd3 h6 20. Qe3 Qb6 21. Qd2
Ne7 22. Rfc1 Rxc3 23. Rxc3 Bb5 24. Bd1 Rc8 25. Rxc8+ Nxc8 26. a4 Bd7 27. b5 Qc7
28. Bc3 Nb6 29. g3 Qc4 30. Qc2 Nxa4 31. Qxa4 Qxc3 32. Be2 Qa3 33. Qxa3 Bxa3 34.
Ne5 Be8 35. Nc6 a6 36. Na7 axb5 37. Bxb5 Kf8 38. Kf1 Bb2 39. Bxe8 Kxe8 40. Nb5
Kd7 41. Ke2 f6 42. Kd3 e5 43. dxe5 fxe5 44. f3 Kc6 45. Na7+ Kb7 46. Nb5 Kc6 47.
Na7+ Kd7 48. Nb5 g5 49. g4 Kc6 1/2-1/2

[Event "77. Alemania ch 2006"]
[Site "Osterburg GER"]
[Date "2006.02.05"]
[Round "3.20"]
[White "Holzschuh, Stephan"]
[Black "Brener, Ilja"]
[Result "1/2-1/2"]
[WhiteElo "2257"]
[BlackElo "2323"]
[PlyCount "41"]
[EventDate "2006.02.04"]
[EventType "swiss"]
[EventRounds "9"]
[EventCountry "GER"]
[Source "lmi"]
[SourceDate "2006.02.11"]

1. e4 c5 2. Nf3 Nc6 3. d4 cxd4 4. Nxd4 Nf6 5. Nc3 e5 6. Ndb5 d6 7. Bg5 a6 8.
Na3 b5 9. Nd5 Be7 10. Bxf6 Bxf6 11. c3 Bg5 12. Nc2 Rb8 13. a4 O-O 14. axb5 axb5
15. Bd3 f5 16. exf5 Bxf5 17. Bxf5 Rxf5 18. O-O e4 19. Nce3 Re5 20. Ng4 Re8 21.
f4 1/2-1/2

[Event "77. Alemania ch 2006"]
[Site "Osterburg GER"]
[Date "2006.02.05"]
[Round "3.21"]
[White "Becker, Michael"]
[Black "Rathje, Christian"]
[Result "1-0"]
[WhiteElo "2320"]
[BlackElo "2130"]
[PlyCount "77"]
[EventDate "2006.02.04"]
[EventType "swiss"]
[EventRounds "9"]
[EventCountry "GER"]
[Source "lmi"]
[SourceDate "2006.02.11"]

1. e4 c5 2. Nf3 e6 3. d3 Nc6 4. g3 d6 5. Bg2 Nf6 6. O-O Be7 7. Re1 O-O 8. c3
Bd7 9. Nbd2 Ne5 10. Nxe5 dxe5 11. Nc4 Qc7 12. f4 exf4 13. Bxf4 Qd8 14. Qf3 Bb5
15. Rad1 Rc8 16. g4 b6 17. g5 Ne8 18. Qg3 Bc6 19. h4 b5 20. Ne5 Ba8 21. Bh3 Nd6
22. Kh2 Qa5 23. a3 c4 24. Nd7 Rfd8 25. Nf6+ Kh8 26. d4 gxf6 27. gxf6 Rg8 28.
Qf3 Bf8 29. Rd2 Bxe4 30. Rxe4 Nxe4 31. Qxe4 Qb6 32. Bg5 Rd8 33. Qg4 Qd6+ 34.
Kh1 a6 35. Bg2 e5 36. Qh5 exd4 37. Be4 Rg6 38. Rxd4 Qg3 39. Rxd8 1-0

[Event "77. Alemania ch 2006"]
[Site "Osterburg GER"]
[Date "2006.02.05"]
[Round "3.23"]
[White "Schuetze, Norman"]
[Black "Reuss, Andreas"]
[Result "0-1"]
[WhiteElo "2161"]
[BlackElo "2354"]
[PlyCount "80"]
[EventDate "2006.02.04"]
[EventType "swiss"]
[EventRounds "9"]
[EventCountry "GER"]
[Source "lmi"]
[SourceDate "2006.02.11"]

1. e4 c6 2. d4 d5 3. Nc3 a6 4. h3 e6 5. Nf3 Nf6 6. e5 Nfd7 7. Ne2 c5 8. dxc5
Nc6 9. Bf4 Bxc5 10. Nc1 O-O 11. Nd3 Ba7 12. Qd2 f6 13. O-O-O fxe5 14. Ndxe5
Ndxe5 15. Nxe5 Nxe5 16. Bxe5 Rxf2 17. Qc3 Bd7 18. Qg3 Qf8 19. Bd3 Bb5 20. Rhf1
Bxd3 21. Rxf2 Bxf2 22. Qxd3 Qc5 23. Kb1 Rf8 24. a3 Rf5 25. b4 Qe3 26. Bb2 Rf4
27. Qxe3 Bxe3 28. Re1 d4 29. c3 Bd2 30. Rd1 dxc3 31. Kc2 Rc4 32. Bc1 Rd4 33.
Rf1 e5 34. Rf5 e4 35. Re5 e3 36. Re7 b5 37. Kd1 Kf8 38. Re5 Kf7 39. a4 Rd6 40.
axb5 axb5 0-1

[Event "77. Alemania ch 2006"]
[Site "Osterburg GER"]
[Date "2006.02.06"]
[Round "4.3"]
[White "Kritz, Leonid"]
[Black "Tischbierek, Raj"]
[Result "1-0"]
[WhiteElo "2561"]
[BlackElo "2466"]
[PlyCount "93"]
[EventDate "2006.02.04"]
[EventType "swiss"]
[EventRounds "9"]
[EventCountry "GER"]
[Source "lmi"]
[SourceDate "2006.02.11"]

1. e4 e6 2. d4 d5 3. Nc3 Bb4 4. e5 c5 5. a3 Bxc3+ 6. bxc3 Qa5 7. Bd2 Qa4 8. Qb1
a6 9. Nf3 Nc6 10. Bd3 cxd4 11. cxd4 Nxd4 12. Nxd4 Qxd4 13. O-O Ne7 14. Re1 Nc6
15. Re3 h6 16. a4 Bd7 17. c3 Qc5 18. Bc1 O-O-O 19. Ba3 Qa7 20. c4 d4 21. Re2 f6
22. f4 f5 23. Bd6 g5 24. c5 Rdg8 25. fxg5 Rxg5 26. Qe1 Rhg8 27. Rb1 R5g7 28.
Qh4 Nd8 29. Qxd4 Bc6 30. Rbb2 Rg4 31. Qc3 Rxa4 32. Rb4 Rxb4 33. Qxb4 a5 34. Qc3
a4 35. Ra2 Rg4 36. h3 Rg3 37. Kh2 Rg6 38. g4 Bd5 39. gxf5 Rg5 40. Bc4 Bxc4 41.
Qxc4 Qa5 42. Be7 Rxf5 43. Bxd8 Qxd8 44. c6 Qf8 45. cxb7+ Kb8 46. Qa6 Rf2+ 47.
Kg1 1-0

[Event "77. Alemania ch 2006"]
[Site "Osterburg GER"]
[Date "2006.02.06"]
[Round "4.5"]
[White "Luther, Thomas"]
[Black "Stolz, Mike"]
[Result "1-0"]
[WhiteElo "2569"]
[BlackElo "2385"]
[PlyCount "98"]
[EventDate "2006.02.04"]
[EventType "swiss"]
[EventRounds "9"]
[EventCountry "GER"]
[Source "lmi"]
[SourceDate "2006.02.11"]

1. e4 c5 2. Nf3 d6 3. d4 cxd4 4. Nxd4 Nf6 5. Nc3 g6 6. Be3 Bg7 7. f3 O-O 8. Qd2
Nc6 9. O-O-O Nxd4 10. Bxd4 Be6 11. Kb1 Qc7 12. Nb5 Qd7 13. g4 a6 14. Nc3 Qc7
15. g5 Nd7 16. Bxg7 Kxg7 17. Nd5 Bxd5 18. exd5 Qc5 19. h4 Rfc8 20. Bh3 Rc7 21.
Bxd7 Rxd7 22. h5 Rc7 23. Rh2 Rg8 24. Re1 Kf8 25. a3 Qc4 26. h6 Ke8 27. Rhe2 Kd8
28. Re4 Qc5 29. c4 Re8 30. Qf4 Rf8 31. Qd2 a5 32. Qc3 b5 33. Qxa5 bxc4 34. Qxc5
Rxc5 35. Rxe7 Rxd5 36. Ra7 Rc5 37. Ree7 Rxg5 38. a4 Ra5 39. Rad7+ Kc8 40. Rxf7
Rxf7 41. Rxf7 Rxa4 42. Rxh7 c3 43. Rg7 Ra1+ 44. Kc2 Ra5 45. Rf7 Rh5 46. Kb1 d5
47. Rh7 d4 48. Rb7 Ra5 49. Rf7 Rh5 1-0

[Event "77. Alemania ch 2006"]
[Site "Osterburg GER"]
[Date "2006.02.06"]
[Round "4.6"]
[White "Markgraf, Alexander"]
[Black "Prusikin, Michael"]
[Result "0-1"]
[WhiteElo "2412"]
[BlackElo "2563"]
[PlyCount "86"]
[EventDate "2006.02.04"]
[EventType "swiss"]
[EventRounds "9"]
[EventCountry "GER"]
[Source "lmi"]
[SourceDate "2006.02.11"]

1. e4 e6 2. d4 d5 3. e5 c5 4. c3 Nc6 5. Nf3 Bd7 6. a3 f6 7. Bd3 Qc7 8. O-O c4
9. Bc2 O-O-O 10. Bf4 h6 11. Bg3 f5 12. h4 Be8 13. Nbd2 Bh5 14. Qb1 Kb8 15. b3
cxb3 16. Bxb3 Na5 17. Rc1 Ne7 18. Ba2 Nec6 19. Qb5 Be7 20. c4 dxc4 21. Nxc4
Bxf3 22. Nxa5 Qxa5 23. Qxa5 Nxa5 24. gxf3 Rxd4 25. f4 g5 26. hxg5 hxg5 27. Bxe6
gxf4 28. Bh2 f3 29. Bg3 f4 30. Bh2 Nc6 31. Rc4 Rhd8 32. Re1 Bxa3 33. Rxd4 Nxd4
34. Bc4 Rc8 35. Bd3 Bb4 36. Rb1 Bd2 37. e6 Nxe6 38. Be4 Rc1+ 39. Rxc1 Bxc1 40.
Bxf3 Nd4 41. Be4 Kc7 42. Kf1 Bd2 43. Kg2 b5 0-1

[Event "77. Alemania ch 2006"]
[Site "Osterburg GER"]
[Date "2006.02.06"]
[Round "4.7"]
[White "Meier, Georg"]
[Black "Baramidze, David"]
[Result "1/2-1/2"]
[WhiteElo "2424"]
[BlackElo "2554"]
[PlyCount "40"]
[EventDate "2006.02.04"]
[EventType "swiss"]
[EventRounds "9"]
[EventCountry "GER"]
[Source "lmi"]
[SourceDate "2006.02.11"]

1. e4 c5 2. Nf3 d6 3. Bb5+ Bd7 4. Bxd7+ Qxd7 5. c4 Nf6 6. Nc3 g6 7. d4 cxd4 8.
Nxd4 Bg7 9. f3 O-O 10. O-O Rc8 11. b3 d5 12. exd5 Nxd5 13. Nxd5 e6 14. Bh6 exd5
15. Bxg7 Kxg7 16. Nb5 dxc4 17. Nd6 Rd8 18. Nxb7 Qxd1 19. Rfxd1 Rxd1+ 20. Rxd1
cxb3 1/2-1/2

[Event "77. Alemania ch 2006"]
[Site "Osterburg GER"]
[Date "2006.02.06"]
[Round "4.8"]
[White "Degtiarev, Jewgeni"]
[Black "Sprenger, Jan Michael"]
[Result "0-1"]
[WhiteElo "2388"]
[BlackElo "2505"]
[PlyCount "72"]
[EventDate "2006.02.04"]
[EventType "swiss"]
[EventRounds "9"]
[EventCountry "GER"]
[Source "lmi"]
[SourceDate "2006.02.11"]

1. d4 Nf6 2. c4 e6 3. Nc3 Bb4 4. e3 O-O 5. Nge2 d5 6. cxd5 exd5 7. g3 Bf5 8.
Bg2 Qd7 9. O-O Na6 10. f3 c5 11. g4 Be6 12. h3 Ne8 13. a3 cxd4 14. exd4 Bxc3
15. Nxc3 Nac7 16. Bf4 Nd6 17. Qb3 Ncb5 18. Nxb5 Nxb5 19. Qb4 a5 20. Qa4 Rfc8
21. Rfc1 Rc4 22. Rxc4 dxc4 23. Rd1 Bd5 24. Kf2 Qc6 25. Qc2 Rc8 26. a4 Nc7 27.
Bxc7 Qxc7 28. Qd2 b6 29. f4 Qc6 30. Bxd5 Qxd5 31. Qe3 h6 32. Rd2 Rd8 33. Qe7
Qa8 34. Qc7 Rc8 35. Qd7 Rd8 36. Qc7 Rc8 0-1

[Event "77. Alemania ch 2006"]
[Site "Osterburg GER"]
[Date "2006.02.06"]
[Round "4.9"]
[White "Huschenbeth, Niclas"]
[Black "Jussupow, Artur"]
[Result "1/2-1/2"]
[WhiteElo "2287"]
[BlackElo "2605"]
[PlyCount "48"]
[EventDate "2006.02.04"]
[EventType "swiss"]
[EventRounds "9"]
[EventCountry "GER"]
[Source "lmi"]
[SourceDate "2006.02.11"]

1. e4 e6 2. d4 d5 3. Nc3 Bb4 4. e5 c5 5. a3 Bxc3+ 6. bxc3 Ne7 7. Qg4 O-O 8. Bd3
Nbc6 9. Qh5 Ng6 10. Nf3 Qc7 11. Be3 Nce7 12. h4 Bd7 13. Qg4 f5 14. exf6 Rxf6
15. h5 e5 16. Qg3 cxd4 17. Bxd4 Rxf3 18. gxf3 Nf4 19. Rg1 Nf5 20. Bxf5 Bxf5 21.
Qxg7+ Qxg7 22. Rxg7+ Kxg7 23. Bxe5+ Kh6 24. Bxf4+ Kxh5 1/2-1/2

[Event "77. Alemania ch 2006"]
[Site "Osterburg GER"]
[Date "2006.02.06"]
[Round "4.10"]
[White "Graf, Alexander"]
[Black "Muranyi, Karl-Jasmin"]
[Result "1-0"]
[WhiteElo "2604"]
[BlackElo "2359"]
[PlyCount "95"]
[EventDate "2006.02.04"]
[EventType "swiss"]
[EventRounds "9"]
[EventCountry "GER"]
[Source "lmi"]
[SourceDate "2006.02.11"]

1. d4 c5 2. d5 e5 3. e4 d6 4. Bb5+ Nd7 5. f4 exf4 6. Bxf4 Qb6 7. Na3 a6 8.
Bxd7+ Bxd7 9. Nf3 Qxb2 10. Nc4 Qf6 11. Bxd6 Qc3+ 12. Nfd2 Bxd6 13. Nxd6+ Ke7
14. N6c4 Bb5 15. Qb1 Bxc4 16. Qxb7+ Kf6 17. Qc6+ Ke5 18. Qc7+ Kd4 19. Qf4 Nf6
20. Rd1 Rhe8 21. e5+ Kxd5 22. Kf2 Qd4+ 23. Qxd4+ cxd4 24. exf6 Re2+ 25. Kf3
Re3+ 26. Kf4 g5+ 27. Kxg5 Rg8+ 28. Kf4 Rxg2 29. Nxc4 Rf2+ 30. Kg5 Kxc4 31. h4
Rg3+ 32. Kh6 Rxf6+ 33. Kxh7 Rg2 34. h5 Rc6 35. Rdg1 Rxc2 36. h6 f5 37. Kg7 Rb2
38. Rc1+ Kd5 39. Rxc6 Kxc6 40. h7 Rb8 41. h8=Q Rxh8 42. Rxh8 Kd5 43. Kf6 Ke4
44. Re8+ Kf4 45. Re6 a5 46. Re5 d3 47. Rxf5+ Ke4 48. Re5+ 1-0

[Event "77. Alemania ch 2006"]
[Site "Osterburg GER"]
[Date "2006.02.06"]
[Round "4.11"]
[White "Naumann, Alexander"]
[Black "Schoene, Ralf"]
[Result "1-0"]
[WhiteElo "2532"]
[BlackElo "2339"]
[PlyCount "113"]
[EventDate "2006.02.04"]
[EventType "swiss"]
[EventRounds "9"]
[EventCountry "GER"]
[Source "lmi"]
[SourceDate "2006.02.11"]

1. e4 c6 2. d4 d5 3. Nc3 g6 4. h3 Bg7 5. Nf3 h5 6. Bf4 Nh6 7. Qd2 dxe4 8. Nxe4
Nd7 9. O-O-O Nb6 10. Kb1 Nd5 11. Be5 Nf6 12. Neg5 O-O 13. Bc4 b5 14. Bb3 a5 15.
a3 a4 16. Ba2 Qa5 17. Qxa5 Rxa5 18. Rhe1 Ra7 19. c4 bxc4 20. Bxc4 Rd8 21. Ka1
e6 22. Rc1 Nf5 23. Bd3 Ba6 24. Bxf5 gxf5 25. Rxc6 Bd3 26. Rc3 Ba6 27. Rc6 Bd3
28. Rec1 Be4 29. Rc8 Ra8 30. Rxd8+ Rxd8 31. Nxe4 Nxe4 32. Bxg7 Kxg7 33. Rc4 Ra8
34. Rc2 Kf6 35. Ne5 Rd8 36. Nc6 Rc8 37. f3 Ng3 38. Nb4 Rd8 39. Nc6 Rc8 40. Rc4
Ne2 41. h4 Nf4 42. g3 Ne2 43. Ka2 Nxg3 44. b4 axb3+ 45. Kxb3 f4 46. Ne5 Rb8+
47. Rb4 Rd8 48. Kc3 Nf5 49. a4 Rc8+ 50. Rc4 Ra8 51. Rc7 Ne7 52. Kb3 Rb8+ 53.
Ka3 Rd8 54. Rxe7 Rxd4 55. Nc6 Rd3+ 56. Kb4 Rxf3 57. Rxf7+ 1-0

[Event "77. Alemania ch 2006"]
[Site "Osterburg GER"]
[Date "2006.02.06"]
[Round "4.13"]
[White "Reipsch, Jens"]
[Black "Bastian, Herbert"]
[Result "0-1"]
[WhiteElo "2293"]
[BlackElo "2413"]
[PlyCount "122"]
[EventDate "2006.02.04"]
[EventType "swiss"]
[EventRounds "9"]
[EventCountry "GER"]
[Source "lmi"]
[SourceDate "2006.02.11"]

1. e4 c5 2. Nf3 a6 3. c3 Nf6 4. e5 Nd5 5. d4 cxd4 6. cxd4 e6 7. Nc3 Nxc3 8.
bxc3 Qc7 9. Bd2 d6 10. Bd3 Nd7 11. Ng5 dxe5 12. O-O Be7 13. Qh5 g6 14. Qh6 Nf6
15. Qg7 Rf8 16. Rfe1 exd4 17. cxd4 Bd7 18. Rac1 Qd6 19. Ne4 Nxe4 20. Bxe4 Bc6
21. a3 Rd8 22. d5 Bxd5 23. Bb4 Qf4 24. g3 Qf6 25. Qxf6 Bxf6 26. Bxd5 Rxd5 27.
Rc7 b6 28. Rec1 Rg8 29. Rb7 a5 30. Rc8+ Rd8 31. Rxd8+ Bxd8 32. Bd2 g5 33. g4
Rg6 34. Be3 e5 35. a4 Rc6 36. Kg2 Rc4 37. Kf3 Rxa4 38. Rb8 Kd7 39. Rb7+ Ke6 40.
Rb8 e4+ 41. Kg2 Bc7 42. Rb7 Bf4 43. Rxb6+ Kd5 44. Bxf4 gxf4 45. Rf6 e3 46. fxe3
fxe3 47. Kf3 Re4 48. Ke2 Rxg4 49. Rxf7 Rh4 50. Kxe3 Kc4 51. Rf2 Kc3 52. Kf3 a4
53. Kg3 Rc4 54. Rf3+ Kb2 55. Rf7 h5 56. Rb7+ Kc2 57. Ra7 Kb3 58. Rb7+ Rb4 59.
Rf7 a3 60. Rf3+ Ka4 61. Rf2 Rc4 0-1

[Event "77. Alemania ch 2006"]
[Site "Osterburg GER"]
[Date "2006.02.06"]
[Round "4.14"]
[White "Koepke, Christian"]
[Black "Espig, Lutz"]
[Result "1-0"]
[WhiteElo "2274"]
[BlackElo "2402"]
[PlyCount "39"]
[EventDate "2006.02.04"]
[EventType "swiss"]
[EventRounds "9"]
[EventCountry "GER"]
[Source "lmi"]
[SourceDate "2006.02.11"]

1. e4 c5 2. Nf3 e6 3. b3 d6 4. Bb2 Nf6 5. e5 dxe5 6. Nxe5 Be7 7. Bd3 a6 8. O-O
Qc7 9. a4 b6 10. f4 Bb7 11. Qe2 Nc6 12. Nxc6 Qxc6 13. Na3 Nd5 14. f5 exf5 15.
Rxf5 O-O 16. Rh5 f5 17. Bxf5 Nf4 18. Qc4+ Rf7 19. Bxh7+ Kf8 20. Be4 1-0

[Event "77. Alemania ch 2006"]
[Site "Osterburg GER"]
[Date "2006.02.06"]
[Round "4.15"]
[White "Michalczak, Thomas"]
[Black "Becker, Michael"]
[Result "0-1"]
[WhiteElo "2361"]
[BlackElo "2320"]
[PlyCount "132"]
[EventDate "2006.02.04"]
[EventType "swiss"]
[EventRounds "9"]
[EventCountry "GER"]
[Source "lmi"]
[SourceDate "2006.02.11"]

1. e4 c5 2. c3 d5 3. exd5 Qxd5 4. d4 Nf6 5. Nf3 Bg4 6. dxc5 Qxc5 7. h3 Bh5 8.
Be3 Qc7 9. Na3 a6 10. Qa4+ Nbd7 11. O-O-O e6 12. Bf4 Qc8 13. g4 Bg6 14. Ne5 b5
15. Qa5 Be4 16. f3 Bb7 17. Nxd7 Nxd7 18. Be2 Bc5 19. Nc2 O-O 20. Qc7 Nf6 21.
Qxc8 Rfxc8 22. Kb1 Nd5 23. Be5 f6 24. Bg3 e5 25. c4 Ne3 26. Nxe3 Bxe3 27. cxb5
axb5 28. Rhe1 Bd4 29. Rc1 Bd5 30. Rxc8+ Rxc8 31. Bd1 g5 32. h4 h6 33. Bb3 Bxb3
34. axb3 Kf7 35. Rc1 Rxc1+ 36. Kxc1 gxh4 37. Bxh4 Kg6 38. Kc2 f5 39. Kd3 Bxb2
40. Be7 h5 41. gxh5+ Kxh5 42. Kc2 Bd4 43. Kd3 Bf2 44. Bf6 Bg3 45. Ke3 Kg6 46.
Bd8 Kf7 47. Kd3 Ke6 48. Bg5 Be1 49. Be3 Kd5 50. Bb6 Bb4 51. Bd8 Bc5 52. Bf6 Bd6
53. Bh4 Kc5 54. Be1 Be7 55. Ke3 Bg5+ 56. Kd3 Bc1 57. Bc3 Kd5 58. Kc2 Ba3 59.
Kd3 Bc5 60. Be1 Bb6 61. Bb4 e4+ 62. fxe4+ fxe4+ 63. Ke2 Kd4 64. Be1 e3 65. Bb4
Bc5 66. Be1 b4 0-1

[Event "77. Alemania ch 2006"]
[Site "Osterburg GER"]
[Date "2006.02.06"]
[Round "4.16"]
[White "Brener, Ilja"]
[Black "Knuth, Hannes"]
[Result "1-0"]
[WhiteElo "2323"]
[BlackElo "2283"]
[PlyCount "35"]
[EventDate "2006.02.04"]
[EventType "swiss"]
[EventRounds "9"]
[EventCountry "GER"]
[Source "lmi"]
[SourceDate "2006.02.11"]

1. e4 c5 2. Nf3 Nc6 3. d4 cxd4 4. Nxd4 Nf6 5. Nc3 e6 6. Ndb5 d6 7. Bf4 e5 8.
Bg5 a6 9. Na3 b5 10. Bxf6 Qxf6 11. Nd5 Qd8 12. Bxb5 axb5 13. Nxb5 Be6 14. Nbc7+
Kd7 15. Nxa8 Qa5+ 16. b4 Nxb4 17. Nab6+ Kd8 18. O-O 1-0

[Event "77. Alemania ch 2006"]
[Site "Osterburg GER"]
[Date "2006.02.06"]
[Round "4.17"]
[White "Reuss, Andreas"]
[Black "Gikas, Andreas Basilius"]
[Result "1-0"]
[WhiteElo "2354"]
[BlackElo "2231"]
[PlyCount "141"]
[EventDate "2006.02.04"]
[EventType "swiss"]
[EventRounds "9"]
[EventCountry "GER"]
[Source "lmi"]
[SourceDate "2006.02.11"]

1. e4 c5 2. Nf3 e6 3. d4 cxd4 4. Nxd4 a6 5. g3 d5 6. Nf3 Nf6 7. exd5 Qxd5 8.
Qxd5 Nxd5 9. Bg2 g6 10. O-O Bg7 11. a4 Nc6 12. c3 O-O 13. a5 Bd7 14. Nbd2 Bf6
15. Nc4 Be7 16. Re1 Rad8 17. h4 Kg7 18. Ng5 Bc8 19. Kf1 h6 20. Nh3 Rfe8 21. Nf4
Bc5 22. Bd2 Nf6 23. b4 Bf8 24. Rad1 Bd7 25. Be3 e5 26. Nd5 Nxd5 27. Bxd5 Nxb4
28. cxb4 Bb5 29. Bxb7 Bxc4+ 30. Kg1 Bxb4 31. Rxd8 Rxd8 32. Rc1 Bb5 33. Bb6 Rd7
34. Be4 f5 35. Bg2 Kf6 36. Bc6 Bxc6 37. Rxc6+ Rd6 38. Rc4 Bd2 39. Bc7 Re6 40.
Kf1 h5 41. Ke2 Bh6 42. Kd3 Ke7 43. Bb6 e4+ 44. Ke2 f4 45. Rc7+ Kf6 46. f3 exf3+
47. Kxf3 Rd6 48. gxf4 Kf5 49. Rf7+ Rf6 50. Rh7 Bxf4 51. Ra7 g5 52. hxg5 Bxg5
53. Rxa6 Ke5+ 54. Kg3 Kd5 55. Ra7 Bd2 56. Rd7+ Rd6 57. Rc7 Rc6 58. Rh7 Rc3+ 59.
Kf2 Kc6 60. Ke2 Bf4 61. Rxh5 Kb7 62. Rh7+ Ka6 63. Ra7+ Kb5 64. Rf7 Bd6 65. Rf5+
Ka6 66. Rf6 Rc6 67. Kd3 Kb7 68. Ke4 Bc5 69. Rf7+ Ka6 70. Kd5 Kb5 71. Rf1 1-0

[Event "77. Alemania ch 2006"]
[Site "Osterburg GER"]
[Date "2006.02.06"]
[Round "4.19"]
[White "Schunk, Thomas"]
[Black "Holzschuh, Stephan"]
[Result "1-0"]
[WhiteElo "2315"]
[BlackElo "2257"]
[PlyCount "185"]
[EventDate "2006.02.04"]
[EventType "swiss"]
[EventRounds "9"]
[EventCountry "GER"]
[Source "lmi"]
[SourceDate "2006.02.11"]

1. c4 c5 2. Nf3 Nc6 3. d4 cxd4 4. Nxd4 g6 5. Nc3 Bg7 6. Nc2 Nf6 7. e4 O-O 8.
Be2 d6 9. O-O Be6 10. Be3 Rc8 11. Rc1 Nd7 12. Qd2 a5 13. b3 Nc5 14. f3 f5 15.
exf5 Bxf5 16. Nd5 Bxc2 17. Rxc2 Ne6 18. Kh1 Ned4 19. Rcc1 e6 20. Bg5 Qe8 21.
Nc3 Qd7 22. Bd3 Kh8 23. Be4 Rce8 24. Rfd1 e5 25. Be3 Ra8 26. Rb1 Qf7 27. a3 Qd7
28. Nd5 Qf7 29. Nb6 Ra6 30. Na4 Raa8 31. Nc3 Qd7 32. b4 axb4 33. axb4 Ra3 34.
Nd5 Qf7 35. b5 Ne7 36. Qb4 Ra2 37. Qxd6 Nef5 38. Qb4 Rfa8 39. Rd2 R2a4 40. Qc5
Bf8 41. Qb6 Rxc4 42. Bg5 Bg7 43. Ne3 Nxe3 44. Bxe3 Rc7 45. Rdb2 Rac8 46. f4 Nf5
47. fxe5 Bxe5 48. Bg5 Qg7 49. Qe6 Nd4 50. Qg4 Rf8 51. Qh4 Ne6 52. Bh6 Qf6 53.
Qxf6+ Rxf6 54. Bd5 g5 55. Re2 Rxh6 56. Rxe5 Nf4 57. Rxg5 Nxd5 58. Rxd5 Kg7 59.
h3 Kf7 60. Rb2 Ke7 61. Re2+ Kf7 62. Kh2 Rf6 63. Ree5 Kg7 64. Rg5+ Rg6 65. h4
Re7 66. Kh3 Kh6 67. Rxg6+ hxg6 68. g3 Re6 69. Kg2 Rf6 70. g4 Rf4 71. Kg3 Rb4
72. h5 gxh5 73. Rxh5+ Kg6 74. Rd5 Kf6 75. Kh4 Rb1 76. Rd6+ Ke7 77. Rb6 Kd7 78.
Rxb7+ Kc8 79. Re7 Rxb5 80. g5 Kd8 81. Re4 Rb1 82. Kh5 Rh1+ 83. Kg6 Rg1 84. Kh7
Rh1+ 85. Kg7 Rg1 86. g6 Rg2 87. Re5 Kd7 88. Kf6 Rf2+ 89. Rf5 Rxf5+ 90. Kxf5 Ke7
91. Kg5 Ke8 92. Kh6 Kf8 93. Kh7 1-0

[Event "77. Alemania ch 2006"]
[Site "Osterburg GER"]
[Date "2006.02.06"]
[Round "4.20"]
[White "Namyslo, Holger"]
[Black "Hoepfl, Thomas"]
[Result "0-1"]
[WhiteElo "2279"]
[BlackElo "2313"]
[PlyCount "62"]
[EventDate "2006.02.04"]
[EventType "swiss"]
[EventRounds "9"]
[EventCountry "GER"]
[Source "lmi"]
[SourceDate "2006.02.11"]

1. e4 c5 2. Nf3 d6 3. d4 cxd4 4. Nxd4 Nf6 5. Nc3 a6 6. Bg5 e6 7. f4 Nbd7 8. Qf3
Qc7 9. O-O-O b5 10. Bd3 Bb7 11. Rhe1 Qb6 12. Bxf6 Nxf6 13. g4 O-O-O 14. Nb3 Be7
15. g5 Nd7 16. Qg4 Kb8 17. h4 Nc5 18. Nxc5 dxc5 19. f5 c4 20. Bf1 Rxd1+ 21.
Nxd1 Rd8 22. fxe6 Qd6 23. Kb1 fxe6 24. a3 Qd2 25. Qg3+ Bd6 26. e5 Bc5 27. Bh3
Be4 28. Rxe4 Qxd1+ 29. Ka2 Qxc2 30. Re1 Rd2 31. Rb1 Rd3 0-1